Κατάλογος Βιβλιοθηκών Mediterranean College

Στοιχεία Εμπορικού Δικαίου / Γενικό μέρος - Εταιρίες - Αξιόγραφα - Πτώχευση (Record no. 2020)

MARC details
000 -LEADER
fixed length control field 01675cam a22002054a 4500
005 - ΗΜΕΡΟΜΗΝΙΑ ΚΑΙ ΩΡΑ ΤΕΛΕΥΤΑΙΑΣ ΕΝΗΜΕΡΩΣΗΣ
Πεδίο ελέγχου 20250605164028.0
008 - FIXED-LENGTH DATA ELEMENTS--GENERAL INFORMATION
Πεδίο ελέγχου σταθερού μήκους 250528s ||||||||||||||||||||||||d
035 ## - SYSTEM CONTROL NUMBER
System control number 16526
020 ## - ISBN
ISBN 9052860251
040 ## - ΠΗΓΗ ΚΑΤΑΛΟΓΟΓΡΑΦΗΣΗΣ
Φορέας πρωτότυπης καταλογογράφησης MC Athens Campus Library
Γλώσσα καταλογογράφησης Ελληνικά, Μοντέρνα (1453-)
Modifying agency MC Athens Campus Library
Κανόνες περιγραφικής καταλογογράφησης AACR2
245 1# - ΤΙΤΛΟΣ ΚΑΙ ΔΗΛΩΣΗ ΥΠΕΥΘΥΝΟΤΗΤΑΣ
Τίτλος Στοιχεία Εμπορικού Δικαίου / Γενικό μέρος - Εταιρίες - Αξιόγραφα - Πτώχευση
260 ## - PUBLICATION, DISTRIBUTION, ETC.
Name of publisher, distributor, etc. Έλλην,
Date of publication, distribution, etc. 1992
300 ## - PHYSICAL DESCRIPTION
Extent 184
520 ## - SUMMARY, ETC.
Summary, etc. Εισαγωγή, Έννοια του Εμπορικού Δικαίου, Πηγές και Διάκριση του Εμπορικού Δικαίου, Εμπορικές Πράξεις, Έμποροι, Βιομηχανική Ιδιοκτησία, Εταιρίες, Έννοια της Εταιρίας και Προϋποθέσεις για τη Σύσταση της, Διακρίσεις των Εταιριών, Προσωπικές Εταιρίες, Ανώνυμη Εταιρία (Α.Ε.), Εταιρεία Περιορισμένης Ευθύνης (Ε.Π.Ε.), Αξιόγραφα, Έννοια και Διακρίσεις και Είδη Αξιόγραφων, Συναλλαγματική, Γραμμάτιο ''Εις Διαταγήν'', Τραπεζική Επιταγή, Πτώχευση, Πτεωχευτική Ανάκληση, Άκυρες Πράξεις, Εργασίες της Πτώχευσης, Περάτωση της Πτώχευσης, Αποκατάσταση του ''Πτωχεύσαντος'', Ενδεικτική Βιβλιογραφία.
700 1# - ΠΡΟΣΘΕΤΗ ΑΝΑΓΡΑΦΗ--ΦΥΣΙΚΟ ΠΡΟΣΩΠΟ
Personal name Μεντής Γρήγορης Σπ
700 1# - ΠΡΟΣΘΕΤΗ ΑΝΑΓΡΑΦΗ--ΦΥΣΙΚΟ ΠΡΟΣΩΠΟ
Personal name Παρίκος Γ
9 (RLIN) 2625
942 ## - ADDED ENTRY ELEMENTS (KOHA)
Koha item type Books
Holdings
Τύπος τεκμηρίου Βιβλιοθήκη Τρέχουσα τοποθεσία Barcode Αριθμός εισαγωγής Ημερομηνία απόκτησης Ταξιθετικό σύμβολο Αριθμός αντιτύπου Κατάσταση απόσυρσης Κατάσταση χαμένου Κατάσταση κατεστραμμένου Μη δανεισμός Σύνολο δανεισμών Ημερομηνία τελευταίας εμφάνισης Η τιμή ισχύει από
Books MC Athens Campus Library MC Athens Campus Library 9780000020192 4230 05/06/2025 346.07 ΜΕΝ 1           05/06/2025 05/06/2025

MC Athens Campus Library
Πατησίων 94 & Κοδριγκτώνος 13, 104 34
Πελλήνης 8 & Πατησίων 107, 112 51
Τ: +30 210 8899600

MC Thessaloniki Campus Library
Ίωνος Δραγούμη 21, 54625 | Ίωνος Δραγούμη 15, 54625
Τ: +30 2310 287779 – Τ: +30 2314 440300